000 01462nam a2200265Ia 4500
003 OSt
005 20210824154320.0
008 210310s2014 sp ad gr 000 0 spa d
020 _a9788473562379
040 _aCO-JMCR
_cCO-JMCR
041 0 _aspa
082 0 4 _a338.542 /
_bB516c
_223
100 1 _aBerumen, Sergio A.,
_eautor
_927847
245 0 _aCrisis monetarias y financieras :
_blecciones para el futuro /
_cSergio A. Berumen
250 _aPrimera edición
260 _aMadrid, España :
_bESIC,
_c2014.
300 _a182 páginas :
_bilustraciones y gráficas en blanco y negro ;
_c23 cm.
500 _a#N/A
504 _aBibliografía al final de cada capitulo.
505 0 _tEvolución de los modelos para el estudio de las crisis. /
_rAntonio Kamal Romero Sookoo. --
_tVeinte años de crisis en Japón. /
_rSergio A. Berumen ; Luis P. Pérez-Megino. --
_tLa crisis del sistema monetario Europeo. /
_rGuillermo Vázquez Vicente. --
_tLa crisis española de 1993: el largo camino hacia la modernización. /
_rLuis Pires Jiménez. --
_tIrlanda, el primero en librarse de la supervisión de la Troika. /
_rFabiola S. Sosa-Rodríguez. --
_tLa crisis del ladrillo y sus consecuencias en España. /
_rGonzalo Ramírez de Haro. --
_tRelato de un fado económico en Portugal. /
_rFernando Alonso Guinea.
650 1 4 _aCrisis financiera
_95832
650 2 4 _aCiclos de negocios
_939441
650 2 4 _aDepresiones financiera.
_939633
942 _2ddc
_cBK
999 _c12299
_d12299